000
00199 a2200097 4500
001
59995
100
_a
245
_a
Geodaan
260
_a
Lahore
_b
Sang-e-Meel
_c
2004
090
_c
36822
_d
36822
942
_a
NUST-CAE
_c
MONOGRAPH
_c
29805
999
_c
295068
_d
295068